| 000 | 00889nam a2200265 a 4500 | ||
|---|---|---|---|
| 001 | 42197 | ||
| 003 | BD-RjUL | ||
| 005 | 20211209053515.0 | ||
| 008 | 160611s1951 mdu b 000 0 eng | ||
| 035 | _a(BD-RjUL)42315 | ||
| 035 | _a645977 | ||
| 040 |
_aLC _beng _cLC _dBD-RjUL |
||
| 041 | _aeng | ||
| 082 | 0 | 0 |
_a327.43047 _219 _bCAG 1951 |
| 100 | 1 |
_aCarr, Edward Hallett _d1892-1982. _9119255 |
|
| 245 | 1 | 0 |
_aGerman-Soviet relations between the two World Wars, 1919-1939 / _cEdward Hallett Carr |
| 260 |
_aBaltimore : _bJohns Hopkins Press, _c1951. |
||
| 300 |
_aix, 146 p. ; _c23 cm. |
||
| 504 | _a"Note on sources": p. 138-141. | ||
| 651 | 0 |
_aGermany _xForeign relations _zSoviet Union. _9129771 |
|
| 651 | 0 |
_aSoviet Union _xForeign relations _zGermany. _9129772 |
|
| 942 |
_2ddc _cBK |
||
| 999 |
_c42197 _d42197 |
||